Business analytics : (Record no. 172631)

MARC details
000 -LEADER
fixed length control field 00762cam a22002415i 4500
001 - CONTROL NUMBER
control field 22984390
003 - CONTROL NUMBER IDENTIFIER
control field OSt
005 - DATE AND TIME OF LATEST TRANSACTION
control field 20260207103706.0
008 - FIXED-LENGTH DATA ELEMENTS--GENERAL INFORMATION
fixed length control field 230223s2024 cau 000 0 eng
020 ## - INTERNATIONAL STANDARD BOOK NUMBER
International Standard Book Number 9781529774092 (Paperback)
040 ## - CATALOGING SOURCE
Original cataloging agency DLC
Language of cataloging eng
Description conventions rda
Transcribing agency NUST
Modifying agency NUST
050 ## - LIBRARY OF CONGRESS CALL NUMBER
Classification number HF5548.2 ABD
100 1# - MAIN ENTRY--PERSONAL NAME
Personal name Abdey, James,
Relator term author.
245 10 - TITLE STATEMENT
Title Business analytics :
Remainder of title applied modelling and prediction /
Statement of responsibility, etc. James Abdey.
260 ## - PUBLICATION, DISTRIBUTION, ETC.
Place of publication, distribution, etc. London ;
Name of publisher, distributor, etc. SAGE ,
Date of publication, distribution, etc. ©2024.
300 ## - PHYSICAL DESCRIPTION
Extent xi, 674 pages
Other physical details illustrations ,
Dimensions 26 cm
336 ## - CONTENT TYPE
Content type term text
Content type code txt
Source rdacontent
337 ## - MEDIA TYPE
Media type term unmediated
Media type code n
Source rdamedia
338 ## - CARRIER TYPE
Carrier type term volume
Carrier type code nc
Source rdacarrier
504 ## - BIBLIOGRAPHY, ETC. NOTE
Bibliography, etc. note Includes index.
650 ## - SUBJECT ADDED ENTRY--TOPICAL TERM
Topical term or geographic name entry element Business Analytics
942 ## - ADDED ENTRY ELEMENTS (KOHA)
Source of classification or shelving scheme Library of Congress Classification
Suppress in OPAC No
Koha item type Ordinary Loan Books
Classification part HF5548.2ABD
Call number prefix HF
Call number suffix ABD
Holdings
Withdrawn status Lost status Source of classification or shelving scheme Damaged status Not for loan Collection Home library Current library Shelving location Date acquired Source of acquisition Cost, normal purchase price Total Checkouts Full call number Barcode Date last seen Accession number Cost, replacement price Price effective from Koha item type Public note
    LCC     NFIC MAIN MAIN GEN 02/05/2026 Book Aid International 49.00   HF5548.2 ABD 92004057533 02/05/2026 63413 49.00 02/05/2026 BOOKS Donation